[Event "XXVI Miedzynarodowy Turniej im. Tadeusza"]
[Site "Police"]
[Date "2011.??.??"]
[Round "1.1"]
[White "Okon, Dariusz"]
[Black "Vysochin, Spartak"]
[Result "0-1"]
[WhiteElo "2200"]
[BlackElo "2552"]
[PlyCount "50"]
[EventDate "2011.??.??"]

1. Nf3 d5 2. b4 Qd6 3. a3 a5 4. bxa5 e5 5. Bb2 Nc6 6. e3 Rxa5 7. c4 d4 8. d3
Nf6 9. Nbd2 dxe3 10. fxe3 Ng4 11. Nb3 Ra6 12. e4 f5 13. exf5 Bxf5 14. Qe2 Be7
15. h3 Nf6 16. Nxe5 O-O 17. g4 Ne4 18. gxf5 Ng3 19. Qg4 Nxe5 20. Qxg3 Bh4 21.
Rg1 Nxd3+ 22. Bxd3 Bxg3+ 23. Kd2 Rd8 24. Nc1 Rb6 25. Kc2 Rxb2+ 0-1

[Event "XXVI Miedzynarodowy Turniej im. Tadeusza"]
[Site "Police"]
[Date "2011.??.??"]
[Round "1.3"]
[White "Chlost, Marlena"]
[Black "Starostits, Ilmars"]
[Result "0-1"]
[WhiteElo "2198"]
[BlackElo "2500"]
[PlyCount "100"]
[EventDate "2011.??.??"]

1. e4 c5 2. Nf3 d6 3. d4 cxd4 4. Nxd4 Nf6 5. Nc3 g6 6. Bc4 Bg7 7. O-O O-O 8. h3
a6 9. Bb3 b5 10. Nd5 e6 11. Nxf6+ Qxf6 12. Nf3 Bb7 13. Re1 Qd8 14. c3 Qc7 15.
Bf4 e5 16. Bg5 h6 17. Bc1 Nd7 18. Bd5 Bxd5 19. Qxd5 Nb6 20. Qd3 Rad8 21. Be3
Na4 22. Re2 d5 23. exd5 f5 24. Qd1 Rfe8 25. Qb3 f4 26. d6+ Qf7 27. d7 Rf8 28.
Bc1 Rxd7 29. Nxe5 Qxb3 30. axb3 Rd1+ 31. Kh2 Nc5 32. Nxg6 Rf6 33. Nxf4 Rxf4 34.
Bxf4 Rxa1 35. b4 Nd3 36. Kg3 Rb1 37. Re6 Nxf4 38. Kxf4 Rxb2 39. Rxa6 Bxc3 40.
g4 Bxb4 41. f3 Bf8 42. h4 b4 43. Kf5 Rh2 44. h5 b3 45. Rb6 b2 46. Kg6 Rd2 47.
Rb8 Rd6+ 48. Kf5 Rd5+ 49. Kf6 Rd8 50. Rb7 Rd1 0-1

[Event "XXVI Miedzynarodowy Turniej im. Tadeusza"]
[Site "Police"]
[Date "2011.??.??"]
[Round "1.4"]
[White "Neiksans, Arturs"]
[Black "Maniocha, Andrzej"]
[Result "1-0"]
[WhiteElo "2495"]
[BlackElo "2191"]
[PlyCount "59"]
[EventDate "2011.??.??"]

1. e4 e5 2. Nf3 Nc6 3. Bc4 Bc5 4. d3 Nf6 5. Bb3 d6 6. c3 h6 7. h3 O-O 8. O-O a6
9. Re1 b5 10. d4 Bb6 11. a4 Bb7 12. d5 Ne7 13. axb5 axb5 14. Rxa8 Bxa8 15. Bc2
c6 16. dxc6 Bxc6 17. Na3 Qb8 18. Bd3 Ba7 19. b4 Rc8 20. Qe2 Ng6 21. Bd2 Qb7 22.
Nxb5 Nxe4 23. Nxa7 Nxd2 24. Qxd2 Qxa7 25. Bxg6 fxg6 26. Qxd6 Qb7 27. Nxe5 Bxg2
28. Qe6+ Kh8 29. Nxg6+ Kh7 30. Ne7 1-0

[Event "XXVI Miedzynarodowy Turniej im. Tadeusza"]
[Site "Police"]
[Date "2011.??.??"]
[Round "1.5"]
[White "Graf, Pawel"]
[Black "Malisauskas, Vidmantas"]
[Result "0-1"]
[WhiteElo "2141"]
[BlackElo "2477"]
[PlyCount "54"]
[EventDate "2011.??.??"]

1. e4 c5 2. Nf3 d6 3. d4 cxd4 4. Nxd4 Nf6 5. Nc3 a6 6. f4 e5 7. Nb3 Nbd7 8. Be2
b5 9. Bf3 Be7 10. O-O O-O 11. Be3 Bb7 12. Kh1 Rc8 13. a4 b4 14. Nd5 Nxd5 15.
exd5 Bf6 16. Be4 exf4 17. Bxf4 Bxb2 18. Rb1 Be5 19. Nd4 Nc5 20. Bxh7+ Kxh7 21.
Bxe5 dxe5 22. Qh5+ Kg8 23. Rf3 exd4 24. Rh3 f6 25. Qh7+ Kf7 26. Qh5+ Ke7 27.
Re1+ Kd6 0-1

[Event "XXVI Miedzynarodowy Turniej im. Tadeusza"]
[Site "Police"]
[Date "2011.??.??"]
[Round "1.6"]
[White "Grabarczyk, Miroslaw"]
[Black "Olenderek, Tomasz"]
[Result "1-0"]
[WhiteElo "2459"]
[BlackElo "2134"]
[PlyCount "53"]
[EventDate "2011.??.??"]

1. d4 d5 2. c4 c6 3. e3 Nf6 4. Nf3 g6 5. Nc3 Bg7 6. Be2 O-O 7. O-O e6 8. Qc2
Nbd7 9. Rd1 b6 10. b4 Bb7 11. a4 a6 12. Ba3 Re8 13. Rac1 e5 14. dxe5 Nxe5 15.
Bb2 Qd6 16. cxd5 cxd5 17. Nxe5 Rxe5 18. b5 a5 19. Bf3 Rc8 20. Qb3 Qe6 21. Ne2
Rxc1 22. Rxc1 Rg5 23. Rc7 Ne4 24. Rxb7 Nd2 25. Rb8+ Bf8 26. Qa3 Nxf3+ 27. Kh1
1-0

[Event "XXVI Miedzynarodowy Turniej im. Tadeusza"]
[Site "Police"]
[Date "2011.??.??"]
[Round "1.7"]
[White "Radwan, Leszek"]
[Black "Shishkin, Vadim"]
[Result "0-1"]
[WhiteElo "2126"]
[BlackElo "2457"]
[PlyCount "116"]
[EventDate "2011.??.??"]

1. d4 Nf6 2. Nf3 g6 3. c4 Bg7 4. Nc3 d5 5. cxd5 Nxd5 6. e4 Nxc3 7. bxc3 c5 8.
Be3 O-O 9. Qd2 Nd7 10. Bd3 b6 11. Bh6 Nf6 12. Bxg7 Kxg7 13. O-O cxd4 14. cxd4
Bb7 15. Qe3 e6 16. Rac1 Qe7 17. Bb1 Rac8 18. Ne5 Qb4 19. f3 Rfd8 20. Rxc8 Rxc8
21. Rd1 Qa4 22. Qd2 h5 23. Re1 Rd8 24. Rd1 Ne8 25. Qc2 Qxc2 26. Bxc2 Nd6 27.
Bb3 Nb5 28. d5 exd5 29. exd5 Nc3 30. Rd3 Ne2+ 31. Kf2 Nc1 32. Rc3 Nxb3 33. axb3
Bxd5 34. Rd3 Kf6 35. Nc6 Rd7 36. Nxa7 Be6 37. Rxd7 Bxd7 38. Ke3 Ke5 39. Kd3 Kd5
40. b4 h4 41. g3 h3 42. Kc3 b5 43. Kd3 g5 44. g4 Ke5 45. Ke3 f6 46. Kd3 Kf4 47.
Ke2 f5 48. gxf5 Kxf5 49. Ke3 Ke5 50. Kd3 Kd5 51. Kc3 Be8 52. Kd3 Bg6+ 53. Kc3
Be8 54. Kd3 Bg6+ 55. Kc3 Bh5 56. Nxb5 Bxf3 57. Kd3 g4 58. Nd4 Be4+ 0-1

[Event "XXVI Miedzynarodowy Turniej im. Tadeusza"]
[Site "Police"]
[Date "2011.??.??"]
[Round "1.8"]
[White "Urban, Klaudiusz"]
[Black "Jacek, Krystian"]
[Result "1-0"]
[WhiteElo "2456"]
[BlackElo "2111"]
[PlyCount "115"]
[EventDate "2011.??.??"]

1. d4 Nf6 2. g3 g6 3. Bg2 Bg7 4. Nf3 d6 5. O-O O-O 6. c4 Nc6 7. Nc3 a6 8. d5
Na5 9. b3 c5 10. dxc6 Nxc6 11. Bb2 Nd7 12. Qc1 Nc5 13. Nd5 e5 14. Rd1 Be6 15.
Qd2 Bxd5 16. Qxd5 Qb6 17. Bc3 Ne7 18. Qd2 Ne4 19. Qe1 Nxc3 20. Qxc3 d5 21. e3
Rac8 22. Rab1 Qc5 23. Qe1 dxc4 24. bxc4 Qxc4 25. Rxb7 Rc7 26. Rxc7 Qxc7 27. Rc1
Qb6 28. Rb1 Qd6 29. Qa5 Rc8 30. Bf1 Rc6 31. Ng5 h6 32. Ne4 Qe6 33. Qd8+ Kh7 34.
Rb7 Nf5 35. Qd7 Qxd7 36. Rxd7 Kg8 37. Ra7 Bf8 38. Bxa6 Nd6 39. Nf6+ Kg7 40. Nd7
e4 41. Bf1 Nc4 42. Bxc4 Rxc4 43. Ne5 Rc1+ 44. Kg2 Bd6 45. Nxf7 Rc7 46. Ra6 Bb4
47. Ne5 g5 48. Nc6 Be1 49. g4 Rf7 50. Ra7 Rxa7 51. Nxa7 Kf6 52. Nc6 Bc3 53. Kf1
Ke6 54. Ke2 Bg7 55. h3 Kd5 56. Ne7+ Ke5 57. a4 Bf8 58. Ng6+ 1-0

[Event "XXVI Miedzynarodowy Turniej im. Tadeusza"]
[Site "Police"]
[Date "2011.??.??"]
[Round "1.9"]
[White "Moritz, Aron"]
[Black "Chojnacki, Krzysztof"]
[Result "1/2-1/2"]
[WhiteElo "2091"]
[BlackElo "2437"]
[PlyCount "105"]
[EventDate "2011.??.??"]

1. e4 e5 2. Nf3 Nc6 3. Bc4 Bc5 4. c3 Nf6 5. d3 a6 6. Bb3 d6 7. h3 O-O 8. Bg5
Be6 9. Bc2 d5 10. Qe2 h6 11. Bh4 Be7 12. g4 Nd7 13. Bg3 Re8 14. Nbd2 Bf6 15.
Nf1 Nc5 16. Ne3 d4 17. Nf5 b5 18. cxd4 exd4 19. O-O Nd7 20. Rfc1 Bxf5 21. gxf5
Nb4 22. Bb3 c5 23. a3 Nc6 24. Bd5 Rc8 25. b4 c4 26. Qa2 Nce5 27. Nxe5 Nxe5 28.
dxc4 bxc4 29. f4 Bh4 30. Kg2 Bxg3 31. Kxg3 Nd7 32. Rxc4 Qf6 33. Rac1 Rxc4 34.
Rxc4 g5 35. fxg6 Qxg6+ 36. Kh2 Nf6 37. Qg2 Qxg2+ 38. Kxg2 Nxe4 39. Rxd4 Nc3 40.
Bc4 Nb5 41. Rd7 Rc8 42. Bxf7+ Kf8 43. Bd5 Nxa3 44. Rd6 Nc2 45. Bb7 Rc7 46. Bxa6
Nxb4 47. Rxh6 Rc6 48. Rxc6 Nxc6 49. Bd3 Kg7 50. Kg3 Nd4 51. Bc4 Nf5+ 52. Kf3
Ne7 53. Ke4 1/2-1/2

[Event "XXVI Miedzynarodowy Turniej im. Tadeusza"]
[Site "Police"]
[Date "2011.??.??"]
[Round "1.10"]
[White "Hnydiuk, Aleksander"]
[Black "Zschaebitz, Klaus"]
[Result "0-1"]
[WhiteElo "2432"]
[BlackElo "2088"]
[PlyCount "58"]
[EventDate "2011.??.??"]

1. e4 e6 2. d4 d5 3. Nc3 Bb4 4. e5 c5 5. a3 Bxc3+ 6. bxc3 Ne7 7. h4 Nbc6 8. h5
Qa5 9. Bd2 cxd4 10. cxd4 Qa4 11. Nf3 h6 12. Bd3 Nxd4 13. Kf1 Nef5 14. Rb1 Nc6
15. Bb5 Qe4 16. Rb4 d4 17. Bd3 Qd5 18. Rb2 O-O 19. Qe2 f6 20. g4 Nxe5 21. Be4
Ne3+ 22. fxe3 Qxe4 23. Rh3 Qxg4 24. Qg2 Qxg2+ 25. Kxg2 Nc4 26. Rb4 dxe3 27.
Rxc4 exd2 28. Nxd2 e5 29. Rg3 Bd7 0-1

[Event "XXVI Miedzynarodowy Turniej im. Tadeusza"]
[Site "Police"]
[Date "2011.??.??"]
[Round "1.11"]
[White "Aglave, Arnaud"]
[Black "Kalinitschew, Sergey"]
[Result "0-1"]
[WhiteElo "2081"]
[BlackElo "2431"]
[PlyCount "34"]
[EventDate "2011.??.??"]

1. c4 c5 2. g3 Nc6 3. Bg2 g6 4. Nc3 Bg7 5. Nf3 d6 6. O-O Bd7 7. a3 Qc8 8. Re1
Bh3 9. Bh1 h5 10. Nd5 h4 11. d3 hxg3 12. hxg3 Nf6 13. Bg5 Nxd5 14. cxd5 Nd4 15.
Nxd4 Bxd4 16. Qd2 Qg4 17. Bf3 Qxg3+ 0-1

[Event "XXVI Miedzynarodowy Turniej im. Tadeusza"]
[Site "Police"]
[Date "2011.??.??"]
[Round "1.13"]
[White "Pawlicz, Adam"]
[Black "Schmidt, Wlodzimierz"]
[Result "1-0"]
[WhiteElo "2044"]
[BlackElo "2398"]
[PlyCount "57"]
[EventDate "2011.??.??"]

1. e4 e6 2. d4 d5 3. e5 c5 4. c3 Qb6 5. Nf3 Nc6 6. a3 Nh6 7. b4 cxd4 8. cxd4
Nf5 9. Be3 f6 10. exf6 gxf6 11. Nc3 Nxe3 12. fxe3 Bh6 13. Qd3 O-O 14. g4 Qd8
15. Be2 Bd7 16. h4 Be8 17. h5 Ne7 18. Kd2 Nc8 19. Rag1 Nd6 20. Qb1 Rc8 21. g5
Bxg5 22. Nxg5 fxg5 23. Rxg5+ Qxg5 24. Rg1 Nf7 25. h6 Kh8 26. Rxg5 Nxg5 27. Qg1
Rf5 28. Bg4 Bg6 29. Qg3 1-0

[Event "XXVI Miedzynarodowy Turniej im. Tadeusza"]
[Site "Police"]
[Date "2011.??.??"]
[Round "1.14"]
[White "Aliavdin, Nikolai"]
[Black "Dogoda, Rafal"]
[Result "1-0"]
[WhiteElo "2392"]
[BlackElo "1870"]
[PlyCount "69"]
[EventDate "2011.??.??"]

1. e4 e6 2. d4 d5 3. Nc3 Bb4 4. e5 c5 5. a3 Bxc3+ 6. bxc3 Qa5 7. Bd2 Qa4 8. Qg4
g6 9. Qd1 cxd4 10. cxd4 Qxd4 11. Nf3 Qe4+ 12. Be2 Nc6 13. O-O Nge7 14. Bb5 a6
15. Re1 Qg4 16. h3 Qh5 17. Bf1 g5 18. Bxg5 Rg8 19. h4 h6 20. Bf6 Ng6 21. g3
Nce7 22. c4 Bd7 23. Kh2 Qg4 24. Rc1 Nf8 25. Bh3 Qg6 26. Bxe7 Kxe7 27. cxd5 exd5
28. Bxd7 Nxd7 29. Qxd5 Qb6 30. Nd4 Rg6 31. Re3 Rd8 32. Nf5+ Kf8 33. Rd1 Qe6 34.
Qe4 Rg4 35. Qxg4 1-0

[Event "XXVI Miedzynarodowy Turniej im. Tadeusza"]
[Site "Police"]
[Date "2011.??.??"]
[Round "1.15"]
[White "Oleniak, Wlodzimierz"]
[Black "Figura, Atila Gajo"]
[Result "0-1"]
[WhiteElo "1859"]
[BlackElo "2358"]
[PlyCount "50"]
[EventDate "2011.??.??"]

1. d4 Nf6 2. c4 e6 3. Nc3 Bb4 4. Qc2 O-O 5. Bg5 h6 6. Bxf6 Qxf6 7. e3 Nc6 8. a3
Bxc3+ 9. Qxc3 a5 10. Nf3 a4 11. Be2 d6 12. O-O e5 13. d5 Ne7 14. Nd2 Qg6 15.
Kh1 Bd7 16. Rac1 b6 17. f4 exf4 18. exf4 h5 19. Rce1 Rfe8 20. Nf3 Nf5 21. Bd3
Qg4 22. Bxf5 Qxf5 23. Nd4 Rxe1 24. Qxe1 Qd3 25. Qd1 Qxc4 0-1

[Event "XXVI Miedzynarodowy Turniej im. Tadeusza"]
[Site "Police"]
[Date "2011.??.??"]
[Round "1.16"]
[White "Kula, Robert"]
[Black "Maliszewski, Jaroslaw"]
[Result "1-0"]
[WhiteElo "2351"]
[BlackElo "1825"]
[PlyCount "54"]
[EventDate "2011.??.??"]

1. d4 f5 2. Bg5 g6 3. e3 Bg7 4. c4 Nf6 5. Nc3 b6 6. Bd3 Bb7 7. f3 Nc6 8. a3 e5
9. d5 Ne7 10. Nge2 d6 11. Qc2 Qd7 12. h3 c6 13. e4 f4 14. dxc6 Qxc6 15. Bh4 Rc8
16. Bf2 Ba6 17. b3 O-O 18. Qd2 Nd7 19. O-O Nc5 20. Bc2 b5 21. cxb5 Bxb5 22.
Nxb5 Qxb5 23. b4 Nb7 24. Bxa7 Kh8 25. a4 Qa6 26. Bf2 d5 27. Bd3 Qd6 1-0

[Event "XXVI Miedzynarodowy Turniej im. Tadeusza"]
[Site "Police"]
[Date "2011.??.??"]
[Round "1.17"]
[White "Jacek, Roksana"]
[Black "Kantans, Toms"]
[Result "0-1"]
[WhiteElo "1807"]
[BlackElo "2345"]
[PlyCount "60"]
[EventDate "2011.??.??"]

1. e4 c5 2. c3 e6 3. d4 d5 4. e5 Nc6 5. Nf3 Qb6 6. Be2 Nge7 7. Na3 cxd4 8. cxd4
Nf5 9. Nc2 Be7 10. O-O O-O 11. a3 a5 12. Qd3 f6 13. g4 fxe5 14. dxe5 Nh4 15.
Ncd4 Ng6 16. Nxc6 bxc6 17. Be3 c5 18. Bg5 Rxf3 19. Bxf3 Nxe5 20. Qe3 Nxf3+ 21.
Qxf3 Bxg5 22. Rad1 Bb7 23. Qg3 Rf8 24. h4 Bf4 25. Qh3 e5 26. g5 d4 27. Qg4 e4
28. h5 e3 29. h6 Qc6 30. g6 Qh1# 0-1

[Event "XXVI Miedzynarodowy Turniej im. Tadeusza"]
[Site "Police"]
[Date "2011.??.??"]
[Round "1.18"]
[White "Shilov, Sergej"]
[Black "Maruszczak, Joanna"]
[Result "1-0"]
[WhiteElo "2255"]
[BlackElo "1735"]
[PlyCount "75"]
[EventDate "2011.??.??"]

1. d4 Nf6 2. c4 g6 3. f3 Bg7 4. e4 d6 5. Nc3 O-O 6. Bg5 Nbd7 7. Qd2 e5 8. Nge2
h6 9. Be3 Ne8 10. O-O-O Kh7 11. h4 exd4 12. Nxd4 Nc5 13. h5 g5 14. Nf5 Bxf5 15.
Bxc5 Nf6 16. Qc2 Qc8 17. Bd4 Nxh5 18. exf5 Nf6 19. Ne4 Qd8 20. Nxg5+ Kg8 21.
Ne4 Re8 22. Nxf6+ Bxf6 23. Bxf6 Qxf6 24. Qd2 Kg7 25. Qd4 Re5 26. Bd3 Rae8 27.
f4 Re3 28. Qxf6+ Kxf6 29. Rxh6+ Ke7 30. f6+ Kd8 31. Rh7 Rf8 32. Kd2 Rg3 33. Be4
c6 34. Rg7 Rxg7 35. fxg7 Rg8 36. Rh1 Rxg7 37. Rh7 Rxh7 38. Bxh7 1-0

[Event "XXVI Miedzynarodowy Turniej im. Tadeusza"]
[Site "Police"]
[Date "2011.??.??"]
[Round "2.1"]
[White "Vysochin, Spartak"]
[Black "Poetsch, Hagen"]
[Result "1-0"]
[WhiteElo "2552"]
[BlackElo "2403"]
[PlyCount "183"]
[EventDate "2011.??.??"]

1. e4 c5 2. c3 d5 3. exd5 Qxd5 4. d4 Nc6 5. Nf3 e5 6. Nxe5 Nxe5 7. dxe5 Qxe5+
8. Be3 Bd7 9. Na3 Nf6 10. Qb3 Be7 11. Bb5 Qc7 12. O-O-O O-O 13. Bxd7 Nxd7 14.
Nb5 Qc6 15. Qd5 Nb8 16. Qxc6 Nxc6 17. Rd7 b6 18. Rhd1 a6 19. Nd6 Ra7 20. Nc4 b5
21. Rxa7 Nxa7 22. Rd7 Nc8 23. Na5 c4 24. Nc6 Bd6 25. h3 f6 26. Na7 Bb8 27. Nc6
Bd6 28. Nd8 Re8 29. Nb7 Bf8 30. Bc5 Be7 31. Rc7 Kf8 32. Kd2 Bxc5 33. Nxc5 Nd6
34. Rc6 Ne4+ 35. Nxe4 Rxe4 36. Rxa6 Re5 37. a4 Rd5+ 38. Kc2 bxa4 39. Rxa4 Rc5
40. Rb4 h5 41. Kd2 Kf7 42. Rb7+ Kg6 43. Re7 Rg5 44. g3 Rf5 45. Re2 Rf3 46. Ke1
h4 47. gxh4 Kf5 48. Re7 Rxh3 49. Rxg7 Rxh4 50. Ke2 Re4+ 51. Kf3 Rf4+ 52. Kg3
Re4 53. f3 Re2 54. Rb7 Rd2 55. Rb5+ Ke6 56. Kf4 Re2 57. Rb6+ Ke7 58. Kg4 Rd2
59. Kf5 Rd5+ 60. Ke4 Rd2 61. f4 Kf7 62. Kf5 Rd5+ 63. Kg4 Rd2 64. f5 Rf2 65.
Rb7+ Ke8 66. Rb4 Ke7 67. Kg3 Rd2 68. Kf4 Kd6 69. Rb6+ Kd5 70. Rb5+ Kc6 71. Rb8
Kc7 72. Rb4 Kd6 73. Ke3 Rh2 74. Rb6+ Ke5 75. Rb5+ Kd6 76. Kf4 Rd2 77. Ke4 Rh2
78. Rb6+ Kc5 79. Rxf6 Re2+ 80. Kf4 Rxb2 81. Re6 Rf2+ 82. Kg4 Kd5 83. Re3 Rg2+
84. Kf4 Kd6 85. f6 Rf2+ 86. Kg5 Rg2+ 87. Kh6 Rf2 88. Kg7 Rg2+ 89. Kf8 Rg4 90.
f7 Kd7 91. Rf3 Kc7 92. Ke7 1-0

[Event "XXVI Miedzynarodowy Turniej im. Tadeusza"]
[Site "Police"]
[Date "2011.??.??"]
[Round "2.2"]
[White "Figura, Atila Gajo"]
[Black "Olszewski, Michal"]
[Result "1/2-1/2"]
[WhiteElo "2358"]
[BlackElo "2541"]
[PlyCount "45"]
[EventDate "2011.??.??"]

1. e4 c5 2. Nf3 e6 3. d4 cxd4 4. Nxd4 a6 5. Bd3 Bc5 6. Nb3 Be7 7. Qg4 Bf6 8.
Qg3 Nc6 9. Nc3 Nge7 10. Bf4 e5 11. Be3 d6 12. O-O-O Be6 13. Kb1 Ng6 14. Nd5
Bxd5 15. exd5 Nce7 16. Qf3 Nh4 17. Qe4 g6 18. Bd2 h6 19. g3 Nhf5 20. g4 Nh4 21.
f4 g5 22. fxe5 Bxe5 23. c4 1/2-1/2

[Event "XXVI Miedzynarodowy Turniej im. Tadeusza"]
[Site "Police"]
[Date "2011.??.??"]
[Round "2.3"]
[White "Starostits, Ilmars"]
[Black "Aliavdin, Nikolai"]
[Result "0-1"]
[WhiteElo "2500"]
[BlackElo "2392"]
[PlyCount "106"]
[EventDate "2011.??.??"]

1. e4 c5 2. Nc3 d6 3. g3 Nc6 4. Bg2 g6 5. d3 Bg7 6. f4 e6 7. Nf3 Nge7 8. O-O
O-O 9. Be3 Rb8 10. Bf2 b5 11. d4 b4 12. Ne2 Ba6 13. Re1 Qb6 14. dxc5 dxc5 15.
e5 Rfd8 16. Qc1 Nf5 17. c3 bxc3 18. Nxc3 Ncd4 19. b3 Qa5 20. Ng5 Bd3 21. g4 Nh6
22. h3 Nc2 23. Nce4 Nxa1 24. Qxa1 c4 25. Nc5 c3 26. Nb7 Rxb7 27. Bxb7 c2 28. a3
Be2 29. Qb2 Rd1 30. Qxc2 Rxe1+ 31. Kh2 Bxg4 32. b4 Qd8 33. Bxe1 Bxe5 34. fxe5
Qxg5 35. hxg4 Qxe5+ 36. Kg2 Qxe1 37. Bf3 Qe3 38. a4 Qg5 39. Qe4 Nf5 40. b5 h5
41. Qa8+ Kg7 42. Qxa7 hxg4 43. Be4 Ne3+ 44. Kf2 g3+ 45. Ke2 g2 46. Bxg2 Qxg2+
47. Kd3 Qf1+ 48. Kd4 Nf5+ 49. Kc3 Qe1+ 50. Kb3 Qd1+ 51. Kc3 Qc1+ 52. Kb3 e5 53.
Qb8 Nd4+ 0-1

[Event "XXVI Miedzynarodowy Turniej im. Tadeusza"]
[Site "Police"]
[Date "2011.??.??"]
[Round "2.4"]
[White "Kantans, Toms"]
[Black "Neiksans, Arturs"]
[Result "1/2-1/2"]
[WhiteElo "2345"]
[BlackElo "2495"]
[PlyCount "30"]
[EventDate "2011.??.??"]

1. e4 c5 2. Nf3 e6 3. d4 cxd4 4. Nxd4 a6 5. Bd3 Nc6 6. Nxc6 dxc6 7. Nd2 Qc7 8.
O-O e5 9. a4 Nf6 10. Nc4 Be6 11. Qe2 Bc5 12. Be3 Bxe3 13. Qxe3 Bxc4 14. Bxc4
O-O 15. b4 Rad8 1/2-1/2

[Event "XXVI Miedzynarodowy Turniej im. Tadeusza"]
[Site "Police"]
[Date "2011.??.??"]
[Round "2.5"]
[White "Malisauskas, Vidmantas"]
[Black "Kula, Robert"]
[Result "1-0"]
[WhiteElo "2477"]
[BlackElo "2351"]
[PlyCount "85"]
[EventDate "2011.??.??"]

1. c4 c5 2. Nf3 Nc6 3. d4 cxd4 4. Nxd4 g6 5. e4 Bg7 6. Be3 Nf6 7. Nc3 d6 8. Be2
O-O 9. Qd2 Ng4 10. Bxg4 Bxg4 11. O-O Nxd4 12. Bxd4 Be6 13. b3 a6 14. Rfe1 Rc8
15. Bxg7 Kxg7 16. Qd4+ f6 17. Nd5 Bf7 18. a4 a5 19. Rad1 Rc6 20. Re3 e6 21. Nc3
Qe7 22. Qd2 Rd8 23. Nb5 b6 24. Rd3 d5 25. exd5 exd5 26. cxd5 Rc5 27. d6 Qe6 28.
Re1 Re5 29. Rxe5 Qxe5 30. h3 g5 31. Re3 Qf4 32. Qc3 Qf5 33. Re7 Rc8 34. Rc7 Rd8
35. Qc4 Rd7 36. Rxd7 Qxd7 37. Qc7 Be6 38. Nd4 Kf7 39. Qxb6 g4 40. Qxa5 Qxd6 41.
Qh5+ Ke7 42. Qxh7+ Ke8 43. Qe4 1-0

[Event "XXVI Miedzynarodowy Turniej im. Tadeusza"]
[Site "Police"]
[Date "2011.??.??"]
[Round "2.6"]
[White "Maes, Wim"]
[Black "Grabarczyk, Miroslaw"]
[Result "0-1"]
[WhiteElo "2245"]
[BlackElo "2459"]
[PlyCount "54"]
[EventDate "2011.??.??"]

1. e4 e5 2. f4 exf4 3. Bc4 Nf6 4. Nc3 Nc6 5. Nf3 Bb4 6. O-O O-O 7. Nd5 Nxd5 8.
exd5 Ne7 9. d4 Ng6 10. Ne1 Bxe1 11. Rxe1 d6 12. Qh5 Bd7 13. Bd3 Qf6 14. c3 h6
15. Bd2 Rae8 16. Qf3 Qg5 17. Rxe8 Rxe8 18. Re1 Rxe1+ 19. Bxe1 Bf5 20. c4 a6 21.
Bf2 Bxd3 22. Qxd3 f3 23. Bg3 fxg2 24. b4 h5 25. h4 Qg4 26. c5 Qh3 27. Kf2 Qh1
0-1

[Event "XXVI Miedzynarodowy Turniej im. Tadeusza"]
[Site "Police"]
[Date "2011.??.??"]
[Round "2.7"]
[White "Shishkin, Vadim"]
[Black "Shilov, Sergej"]
[Result "1-0"]
[WhiteElo "2457"]
[BlackElo "2255"]
[PlyCount "59"]
[EventDate "2011.??.??"]

1. d4 g6 2. c4 Bg7 3. Nc3 Nf6 4. e4 O-O 5. Nf3 d6 6. Be2 c6 7. O-O a6 8. h3 b5
9. e5 Nfd7 10. Bf4 dxe5 11. dxe5 Nc5 12. b4 Ne6 13. Bg3 Qc7 14. a4 bxc4 15.
Bxc4 a5 16. b5 cxb5 17. Bd5 Rd8 18. Nxb5 Qb6 19. Bxa8 Rxd1 20. Rfxd1 Na6 21.
Nfd4 Nb4 22. Rac1 Bd7 23. Nf5 Bxb5 24. Nxe7+ Kf8 25. Nc8 Qb8 26. axb5 Bxe5 27.
Nd6 Qxa8 28. Bxe5 Ke7 29. Rc8 Qa7 30. Rh8 1-0

[Event "XXVI Miedzynarodowy Turniej im. Tadeusza"]
[Site "Police"]
[Date "2011.??.??"]
[Round "2.8"]
[White "Zschaebitz, Klaus"]
[Black "Urban, Klaudiusz"]
[Result "0-1"]
[WhiteElo "2088"]
[BlackElo "2456"]
[PlyCount "78"]
[EventDate "2011.??.??"]

1. d4 Nf6 2. c4 c5 3. d5 e6 4. Nc3 exd5 5. Nxd5 Nxd5 6. Qxd5 Nc6 7. Nf3 Be7 8.
g3 d6 9. Qd2 Bf5 10. Qf4 Bg6 11. Bd2 Qb6 12. b3 Bf6 13. Rd1 O-O 14. Bh3 Qa6 15.
Bf5 Bxf5 16. Qxf5 Qxa2 17. Qd3 Rad8 18. O-O Ne5 19. Nxe5 dxe5 20. Qe3 e4 21.
Bc1 b6 22. Rd5 Qc2 23. Kg2 Rxd5 24. cxd5 Bd4 25. Qg5 Qxe2 26. Qe7 Qf3+ 27. Kg1
Qxb3 28. Qxe4 Rd8 29. Qe7 Qxd5 30. Qxa7 b5 31. Bf4 h6 32. Qb6 b4 33. Bc7 Ra8
34. Qb5 b3 35. Re1 b2 36. Ba5 Qf5 37. Kg2 Qxf2+ 38. Kh3 Qf5+ 39. Kg2 Kh7 0-1

[Event "XXVI Miedzynarodowy Turniej im. Tadeusza"]
[Site "Police"]
[Date "2011.??.??"]
[Round "2.9"]
[White "Kalinitschew, Sergey"]
[Black "Pawlicz, Adam"]
[Result "1-0"]
[WhiteElo "2431"]
[BlackElo "2044"]
[PlyCount "85"]
[EventDate "2011.??.??"]

1. Nf3 Nf6 2. c4 e6 3. Nc3 d5 4. d4 a6 5. cxd5 exd5 6. Bg5 Be7 7. Qc2 c6 8. e3
Nbd7 9. Bd3 h6 10. Bf4 O-O 11. h3 c5 12. O-O c4 13. Be2 b5 14. Ne5 Bb7 15. Bf3
Re8 16. a3 Nf8 17. g4 Ne6 18. Bh2 Ng5 19. Bg2 Qb6 20. f3 Rad8 21. h4 Ngh7 22.
f4 Bd6 23. g5 Bxe5 24. fxe5 Ng4 25. Bf4 h5 26. Bf3 Qc6 27. Rad1 Nf8 28. Qg2 Qe6
29. Rde1 Bc6 30. Qd2 Ng6 31. Bg3 Ne7 32. Ne2 g6 33. Nf4 Qc8 34. e6 Nf5 35. Bxg4
hxg4 36. exf7+ Kxf7 37. Qf2 Rh8 38. h5 gxh5 39. Ng2 h4 40. Nxh4 Rxh4 41. Qxf5+
Qxf5 42. Rxf5+ Kg6 43. Rf6+ 1-0

[Event "XXVI Miedzynarodowy Turniej im. Tadeusza"]
[Site "Police"]
[Date "2011.??.??"]
[Round "2.12"]
[White "Korbal, Arkadiusz"]
[Black "Okon, Dariusz"]
[Result "1/2-1/2"]
[WhiteElo "2052"]
[BlackElo "2200"]
[PlyCount "169"]
[EventDate "2011.??.??"]

1. d4 d5 2. c4 e6 3. Nf3 Nf6 4. g3 c6 5. Qc2 Nbd7 6. Bg2 Bd6 7. O-O O-O 8. b3
Ne4 9. Bb2 f5 10. Nc3 Ndf6 11. e3 Bd7 12. Nd2 Be8 13. f3 Nxc3 14. Bxc3 Rc8 15.
Qb2 Qe7 16. Rae1 b5 17. c5 Bc7 18. e4 fxe4 19. fxe4 Bg6 20. e5 Ng4 21. h3 Nh6
22. g4 Bd3 23. Rxf8+ Rxf8 24. Re3 Bg6 25. Nf1 Bd8 26. Qe2 Nf7 27. Ng3 h6 28.
Rf3 Qe8 29. Be1 Bg5 30. Rf1 Qd8 31. Nh1 a5 32. Nf2 b4 33. Nd3 Nh8 34. Rxf8+
Qxf8 35. Bg3 Bh7 36. h4 Be7 37. Nf4 Qc8 38. Bf1 Ng6 39. Ng2 Nf8 40. Qa6 Qxa6
41. Bxa6 Bb1 42. Bb7 Bxa2 43. Bxc6 Bxb3 44. Be1 Bd8 45. Kf2 Bd1 46. Kg3 b3 47.
Bc3 Ng6 48. h5 Ne7 49. Bd7 Kf7 50. Nf4 a4 51. Bb2 Ba5 52. Bxa4 Be1+ 53. Kh3 Bd2
54. Nd3 g6 55. hxg6+ Kxg6 56. c6 Kg5 57. Nf2 Be2 58. c7 Ba5 59. Kg3 Kg6 60. Bd7
Bxc7 61. Bxe6 Ba5 62. Ba3 Nc6 63. Bxd5 Nxd4 64. Bb2 Bb6 65. Nh3 Bb5 66. Nf4+
Kh7 67. e6 Be8 68. Kh3 Bc5 69. Nd3 Bb6 70. Ne5 Nb5 71. Be4+ Kg8 72. Nf3 Nc7 73.
Bf5 Nd5 74. Ne5 Bd8 75. Nd7 Bxd7 76. exd7 Kf7 77. Kg3 Ke7 78. Ba3+ Kf6 79. Bb2+
Kf7 80. Kf3 Nb6 81. Bd3 Ke7 82. Bb5 Nxd7 83. Ba3+ Ke6 84. Bc4+ Kf6 85. Bb2+
1/2-1/2

[Event "XXVI Miedzynarodowy Turniej im. Tadeusza"]
[Site "Police"]
[Date "2011.??.??"]
[Round "2.13"]
[White "Tokarczyk, Tomasz"]
[Black "Aglave, Arnaud"]
[Result "0-1"]
[WhiteElo "2199"]
[BlackElo "2081"]
[PlyCount "76"]
[EventDate "2011.??.??"]

1. d4 Nf6 2. c4 e6 3. Nc3 d5 4. cxd5 exd5 5. Bg5 Be7 6. e3 O-O 7. Bd3 Nbd7 8.
Qc2 c6 9. Nf3 Re8 10. h3 Nf8 11. Bf4 Ne6 12. Be5 g6 13. O-O-O b5 14. Kb1 Bd7
15. Rc1 a5 16. g4 a4 17. h4 b4 18. h5 g5 19. Nxa4 Ne4 20. Bxe4 dxe4 21. Nd2 c5
22. Nxc5 Nxc5 23. dxc5 Qa5 24. b3 Bxc5 25. Nc4 Qa6 26. Ba1 f6 27. Qb2 Be7 28.
Rc2 Bxg4 29. Rg1 Qe6 30. h6 Red8 31. Rd2 Rxd2 32. Nxd2 Kf7 33. Rc1 Be2 34. Rc7
Kg6 35. Qd4 Bd3+ 36. Kb2 Kxh6 37. a4 bxa3+ 38. Ka2 Rc8 0-1